[Event "GER-chT U10"]
[Site "Magdeburg"]
[Date "2013.12.28"]
[Round "4.1"]
[White "Tuente, Henning"]
[Black "Heyne, Patrick"]
[Result "1-0"]
[WhiteElo "792"]
[BlackElo "840"]
[PlyCount "115"]
[EventDate "2013.12.27"]
[EventType "team-swiss"]
[EventRounds "5"]
[EventCountry "GER"]
[SourceTitle "EXT 2015"]
[Source "ChessBase"]
[SourceDate "2014.11.20"]
[SourceVersion "1"]
[SourceVersionDate "2014.11.20"]
[SourceQuality "1"]
[WhiteTeam "Magdeburg USC"]
[BlackTeam "Oberland II"]
[WhiteTeamCountry "GER"]
[BlackTeamCountry "GER"]

1. e4 e5 2. Nf3 Nc6 3. Bc4 Nf6 4. c3 d6 5. d4 Nxe4 6. Qd3 Bf5 7. Qe2 d5 8. Bb5 a6 9. Bxc6+ bxc6 10. Nxe5 Qd6 11. f3 Nf6 12. Nc4+ Qe6 13. Qxe6+ Bxe6 14. Ne5 Bd6 15. 0-0 c5 16. Bf4 0-0 17. Nd2 Nh5 18. g3 Bh3 19. Rfe1 Nxf4 20. gxf4 Rfe8 21. Nc6 Bxf4 22. Rad1 Bxd2 23. Rxe8+ Rxe8 24. Rxd2 Re1+ 25. Kf2 Rf1+ 26. Kg3 Bd7 27. Ne7+ Kf8 28. Nxd5 Bc6 29. c4 f5 30. Nxc7 Rxf3+ 31. Kh4 Rf4+ 32. Kg5 Rg4+ 33. Kxf5 Bd7+ 34. Ne6+ Bxe6+ 35. Kxe6 Rg6+ 36. Kd7 h5 37. dxc5 Rf6 38. c6 Rf3 39. Kd8 Kg8 40. c7 Rf8+ 41. Kd7 Rf7+ 42. Kc6 Rf6+ 43. Kb7 Rf7 44. Kb8 Kh7 45. c8Q g5 46. Rd7 Rg7 47. Rxg7+ Kxg7 48. Qe6 g4 49. c5 h4 50. Qxg4+ Kf6 51. Qxh4+ Ke6 52. Qg5 a5 53. c6 a4 54. c7 a3 55. c8R Kf7 56. Qh6 axb2 57. Rc7+ Ke8 58. Qh8# 1-0